Bioquímica (Registro nro. 36313)

Detalles MARC
000 -CABECERA
Longitud fija campo de control 00890nam a2200265 a 4500
003 - IDENTIFICADOR DELl NÚMERO DE CONTROL
Identificador del número de control OSt
005 - FECHA Y HORA DE LA ÚLTIMA TRANSACCIÓN
Fecha y hora de la última transacción 20260115174903.0
008 - CÓDIGOS DE INFORMACIÓN DE LONGITUD FIJA
Códigos de información de longitud fija 030707c2012 mex spa
020 ## - NÚMERO INTERNACIONAL NORMALIZADO PARA LIBROS
Número Internacional Normalizado para Libros (ISBN) 978-607-15-1127-0
040 ## - FUENTE DE LA CATALOGACIÓN
Centro transcriptor BMC
082 ## - NÚMERO DE LA CLASIFICACIÓN DECIMAL DEWEY
Númeroo de clasificación 612.015
082 ## - NÚMERO DE LA CLASIFICACIÓN DECIMAL DEWEY
Númeroo de clasificación 611.018
100 1# - PUNTO DE ACCESO PRINCIPAL-NOMBRE DE PERSONA
9 (RLIN) 50022
Nombre de persona Mckee, Trudy
245 10 - MENCIÓN DE TÍTULO
Título Bioquímica
Resto del título : las bases moleculares de la vida
Mención de responsabilidad, etc. Trudy Mckee, James R. Mckee ; traducción, Pablo Svarch
250 ## - MENCIÓN DE EDICIÓN
Mención de edición 7ª ed
260 ## - PUBLICACIÓN, DISTRIBUCIÓN, ETC. (PIE DE IMPRENTA)
Lugar de publicación, distribución, etc. México, D.F. [etc.]
Nombre del editor, distribuidor, etc. McGraw-Hill
Fecha de publicación, distribución, etc. cop. 2020
300 ## - DESCRIPCIÓN FÍSICA
Extensión XXVII, 798 p.
Otras características físicas il. col.
Dimensiones 27 cm
500 ## - NOTA GENERAL
Nota general Incluye apéndice, glosario, créditos iconográficos e índice
594 ## - NOTA AL TÍTULO Y MENCIÓN DE RESPONSABIBLIDAD
Nota Al Título Y Mención De Responsabilidad Traducción de: Biochemistry: The molecular basis of life
650 20 - PUNTO DE ACCESO ADICIONAL DE MATERIA - TÉRMINO DE MATERIA
Término de materia o nombre geográfico como elemento inicial Bioquímica
9 (RLIN) 8014
650 20 - PUNTO DE ACCESO ADICIONAL DE MATERIA - TÉRMINO DE MATERIA
Término de materia o nombre geográfico como elemento inicial Biología molecular
9 (RLIN) 4163
700 1# - PUNTO DE ACCESO ADICIONAL - NOMBRE DE PERSONA
9 (RLIN) 50023
Nombre de persona McKee, James R. (James Robert)
700 ## - PUNTO DE ACCESO ADICIONAL - NOMBRE DE PERSONA
9 (RLIN) 50024
Nombre de persona Svarch, Pablo
942 ## - ENTRADA DE ELEMENTOS AGREGADOS (KOHA)
Fuente de clasificaión o esquema Dewey Decimal Classification
Koha [por defecto] tipo de item 1- Monografias
Existencias
Suprimido Perdido Fuente de clasificación o esquema Estropeado Restricciones de uso No para préstamo Código de colección Localización permanente Localización actual Localización en estanter&íacute;as Fecha adquisición Fuente de adquisición Número de inventario Préstamos totales Signatura completa Código de barras Fecha última consulta Coste, precio reemplazado Fecha del precio de reemplazo Tipo de item de Koha Fecha último préstamo
NULL NULL Dewey Decimal Classification NULL Prestable NULL NULL Biblioteca Miguel de Cervantes - UNICAES Biblioteca Miguel de Cervantes - UNICAES Sala Principal 13/11/2025 Compra- F. de C.C. de la Salud 036416   612.015 MCK bio 1053748 13/01/2026 93.00 13/01/2026 1- Monografias  
NULL NULL Dewey Decimal Classification NULL Prestable NULL NULL Biblioteca Miguel de Cervantes - UNICAES Biblioteca Miguel de Cervantes - UNICAES Sala Principal 13/11/2025 Compra- F. de C.C. de la Salud 036417   612.015 MCK bio 1053749 13/01/2026 93.00 13/01/2026 1- Monografias  
NULL NULL Dewey Decimal Classification NULL Prestable NULL NULL Biblioteca Miguel de Cervantes - UNICAES Biblioteca Miguel de Cervantes - UNICAES Sala Principal 13/11/2025 Compra- F. de C.C. de la Salud 036418 1 612.015 MCK bio 1053750 27/02/2026 93.00 13/01/2026 1- Monografias 11/02/2026